|
|
|
|
| LEADER |
00000nam a2200000 a 4500 |
| 001 |
vtls009846408 |
| 003 |
SK-MaSNL |
| 005 |
20260301171752.0 |
| 008 |
251112s1917 xxu | 000 s slo |
| 035 |
|
|
|a (SVKBBclas03)vtls000312731
|
| 040 |
|
|
|a SNK
|b slo
|c SNK
|e AACR2
|
| 041 |
0 |
|
|a lat
|
| 043 |
|
|
|a n-us---
|
| 044 |
|
|
|a xo
|c SK
|
| 080 |
|
|
|a 321.74
|2 2001
|
| 080 |
|
|
|a (73)
|2 2001
|
| 080 |
|
|
|a (042.5)
|2 2001
|
| 080 |
|
|
|a 316.343-058.14
|2 2001
|
| 080 |
|
|
|a "1905"
|2 2001
|
| 100 |
1 |
|
|a Debs, Eugene Victor,
|d 1855-1926
|4 aut
|9 540083
|
| 245 |
1 |
0 |
|a Priemyselný unionism
|c prednášal Eugene V. Debs, roku 1905 v New Yorku ; preložil A. Kosinec
|
| 260 |
|
|
|a N. Y. City
|b Vydal "Hlas Svodody" 1237 Ave. A.
|c 1917
|
| 300 |
|
|
|a 37, [1] str.
|c (18x14 cm)
|
| 500 |
|
|
|a Kombinovaná väzba. Viazané. Pôvodne papierová väzba brožovaná.
|
| 500 |
|
|
|a Text titulného listu v jednoduchom portálovom ráme. Typografické ozdoby.
|
| 500 |
|
|
|a Prihláška do strany socialistickej (Chicago, USA). Úvodné slovo redakcie Hlasu Svobody. Slov. rob. v nem, a smrti podp. spolok v Spoj. štátoch S. A. Oznam vydavateľa o vydávaní časopisov
|
| 541 |
|
|
|c v správe ŠVK Banská Bystrica
|f Rímskokatolícky biskupský úrad Banská Bystrica
|
| 546 |
|
|
|a Slovenčina
|b Antikva
|
| 561 |
|
|
|a Proveniencia: peč. Redakcia časopisu "Hlas ľudu Baňská Bystrica (predsádka, titulný list) -- peč. Medzinarodný všeodborový sväz v Československej republike Sekcia lučebníkov skupina Banská-Bystrica (predsádka) -- Hlas ľudu (titulný list a ďalšie strany)
|
| 610 |
2 |
7 |
|a Biskupský seminár sv. Karola Boromejského (Banská Bystrica, Slovensko).
|b Seminárna knižnica
|2 SVKBBPH
|9 320391
|
| 648 |
|
7 |
|a 1905
|2 SVKBBPH
|9 339502
|
| 650 |
0 |
7 |
|a bbhkfvýskum
|2 SVKBBPH
|9 321941
|
| 650 |
0 |
7 |
|a hospodárske postavenie
|2 SVKBBPH
|9 540084
|
| 650 |
0 |
7 |
|a robotníci
|2 SVKBBPH
|9 4872
|
| 650 |
0 |
7 |
|a inštitúcie a organizácie
|2 SVKBBPH
|9 66282
|
| 650 |
0 |
7 |
|a socializmus
|2 SVKBBPH
|9 2151
|
| 651 |
|
7 |
|a Spojené štáty americké
|2 SVKBBPH
|9 18262
|
| 655 |
|
7 |
|a prejavy
|2 SVKBBPH
|9 70401
|
| 700 |
1 |
2 |
|a Kosinec, A.
|4 trl
|9 540085
|
| 710 |
2 |
2 |
|a Biskupský seminár sv. Karola Boromejského.
|4 fmo
|9 320745
|
| 710 |
2 |
2 |
|a Matica slovenská.
|b Miestny odbor Bratislava
|4 fmo
|9 178632
|
| 710 |
2 |
2 |
|a Matica slovenská.
|b Slovenská národná knižnica
|4 fmo
|9 168374
|
| 710 |
2 |
2 |
|a Hlas ľudu (politická strana).
|4 fmo
|9 232991
|
| 710 |
2 |
2 |
|a Medzinárodný všeodborový sväz v ČSR. Sekcia lučebníkov. Skupina Banská-Bystrica
|4 fmo
|9 540086
|
| 852 |
|
|
|a Štátna vedecká knižnica v Banskej Bystrici
|b Seminárna knižnica
|c MS Ba BB 5201
|
| 958 |
|
|
|a ONDV
|
| 958 |
|
|
|a DG
|
| 999 |
|
|
|c 831525
|d 833455
|
| 952 |
|
|
|a SNK
|b SNK
|y PREZ
|7 0
|p 17A0642268
|o snkSD 18421
|i snkK 1191/60
|8 3
|0 0
|1 0
|4 0
|d 2010-01-19
|l 0
|r 2025-12-02 00:00:00
|w 2026-02-24
|